| 000 | 01348cam a2200313 i 4500 | ||
|---|---|---|---|
| 001 | 25402 | ||
| 005 | 20250705063015.0 | ||
| 008 | 891106e1864 sp | |||| 000 0 spa | ||
| 016 | 7 |
_abimoBNE20010122937 _zBNPAB00010199 _2SpMaBN |
|
| 035 | _a(OCoLC)434291015 | ||
| 035 | _a(SpMaBN)bimo0001643728 | ||
| 040 |
_aSpMaBN _bspa _cPAB _dSpMaBN |
||
| 080 | _a94(460)"1820/23" | ||
| 100 | 1 |
_aArgüelles, Agustín _eaut _d1776-1844 _922710 |
|
| 245 | 1 | 0 |
_aDe 1820 a 1824 : _breseña histórica / _cpor Agustín de Argüelles ; con una noticia biográfica del autor por José de Olózaga ; y un prólogo por Ángel Fernández de los Ríos |
| 260 |
_aMadrid : _bA. de San Martín ; _bAgustín Juvena, _c1864 |
||
| 300 |
_a213 páginas ; _c20 cm |
||
| 530 | _aDisponible en formato digital | ||
| 600 | 1 | 4 |
_922711 _aArgüelles, Agustín, _d1776-1844- _xBiografías |
| 651 | 7 |
_aEspaña _xHistoria _y1820-1823 (Trienio constitucional) _2embne _9145382 |
|
| 700 | 1 |
_aOlózaga, José de _d1810-1877 _eclb _9239901 |
|
| 700 | 1 |
_aFernández de los Ríos, Ángel, _d1821-1880 _eaui _9149656 |
|
| 852 |
_cDEPOF _j1494-F-13 |
||
| 852 |
_cSVI _jD-2495 |
||
| 856 | 4 | 1 |
_uhttp://bdh-rd.bne.es/viewer.vm?id=0000255850&page=1 _yVersión en línea _z(Biblioteca Digital Hispánica) |
| 942 |
_2udc _cMONANT _n0 |
||
| 999 |
_c25402 _d25402 |
||